Recognize U.S. States by Tripoint Maps - Statistics

General Stats
  • This quiz has been taken 9 times
  • The average score is 22 of 27
Answer Stats
Picture Hint Answer % Correct
Arizona
100%
California
100%
Nevada
100%
New Jersey
100%
Lowest of three tripoints New Mexico
100%
New York
100%
Lowest of three tripoints Oklahoma
100%
Pennsylvania
100%
Lowest of three tripoints Texas
100%
Arkansas
86%
Louisiana
86%
Mississippi
86%
Montana
86%
Wyoming
86%
Georgia
71%
Idaho
71%
Indiana
71%
Michigan
71%
North Carolina
71%
Ohio
71%
South Carolina
71%
Illinois
57%
Iowa
57%
Kentucky
57%
Missouri
57%
Nebraska
57%
South Dakota
57%
No matching quizzes found
Score Distribution
Percent of People with Each Score
Percentile by Number Answered
Your Score History
You have not taken this quiz